Antiguos gremios de Huesca : (Record no. 184583)
[ view plain ]
| 000 -LEADER | |
|---|---|
| campo de control de longitud fija | 00791nam a2200193 i 4500 |
| 001 - NÚMERO DE CONTROL | |
| campo de control | 184583 |
| 003 - IDENTIFICADOR DE NÚMERO DE CONTROL | |
| campo de control | ES-MaACL |
| 005 - FECHA Y HORA DE LA ÚLTIMA TRANSACCIÓN | |
| campo de control | 20251002195128.0 |
| 008 - DATOS DE LONGITUD FIJA--INFORMACIÓN GENERAL | |
| campo de control de longitud fija | 151023s1911 sp |||| | spa d |
| 245 00 - MENCIÓN DEL TÍTULO | |
| Título | Antiguos gremios de Huesca : |
| Resto del título | ordinaciones, documentos / |
| Mención de responsabilidad, etc. | transcripción y estudio preliminar de Ricardo del Arco/. |
| 260 ## - PUBLICACIÓN, DISTRIBUCIÓN, ETC. | |
| Lugar de publicación, distribución, etc. | [S.l. : |
| Nombre del editor, distribuidor, etc. | s.n., |
| Fecha de publicación, distribución, etc. | 1911] ( |
| Lugar de fabricación/manufactura | Zaragoza : |
| Fabricante | Gráf. Pedro Carra) |
| 300 ## - DESCRIPCIÓN FÍSICA | |
| Extensión | XVIII, 269 p. ; |
| Dimensiones | 23 cm. |
| 490 1# - MENCIÓN DE SERIE | |
| Mención de serie | Colección de documentos para el estudio de la historia de Aragón ; |
| Designación de volumen o secuencia | 6 |
| 650 #7 - PUNTO DE ACCESO ADICIONAL DE MATERIA--TÉRMINO DE MATERIA | |
| Término de materia o nombre geográfico como elemento de entrada | Gremios- |
| Subdivisión geográfica | Huesca |
| Fuente del encabezamiento o término | |
| 9 (RLIN) | 158004 |
| 700 1# - ENTRADA AGREGADA--NOMBRE PERSONAL | |
| Nombre de persona | Arco y Garay, Ricardo del, |
| Fechas asociadas al nombre | 1888-1955 |
| 9 (RLIN) | 22507 |
| 830 00 - PUNTO DE ACCESO ADICIONAL DE SERIE-TÍTULO UNIFORME | |
| Título uniforme | Colección de documentos para el estudio de la historia de Aragón |
| Designación de volumen o secuencia | 6 |
| 9 (RLIN) | 192177 |
| 852 ## - LOCALIZACIÓN | |
| Ubicación | ES-MaACL |
| Número de control de estantería | C-2175 |
| Estatus retirado | Estado de pérdida | Estado de daño | No para préstamo | Biblioteca de origen | Biblioteca actual | Ubicación en estantería | Fecha de adquisición | Fuente de adquisición | Total de préstamos | Signatura topográfica completa | Código de barras | Visto por última vez | Precio de reemplazo | Tipo de ítem Koha |
|---|---|---|---|---|---|---|---|---|---|---|---|---|---|---|
| Biblioteca del Ateneo de Madrid | Biblioteca del Ateneo de Madrid | Sala Palomar | 23/10/2015 | C-2175 | 1194333 | 23/02/2023 | 23/02/2023 | Libro impreso |
